MESTSKÁ KNIŽNICA GIRALTOVCE  - online katalóg 

Mali by sme sa všetci stravovať vegánsky? (Record no. 23152)

000 -NÁVESTIE
fixed length control field 00290nam a22001097a 4500
005 - DÁTUM A ČAS POSLEDNEJ TRANSAKCIE
control field 20220308133907.0
008 - ÚDAJE S PEVNOU DĹŽKOU – VŠEOBECNÉ INFORMÁCIE
fixed length control field 220308b ||||| |||| 00| 0 eng d
020 ## - MEDZINÁRODNÉ ŠTANDARDNÉ ČÍSLO KNIHY (ISBN)
Medzinárodné štandardné číslo knihy (ISBN) 9788099924056
040 ## - ZDROJ KATALOGIZÁCIE
Prepisujúca agentúra rda
245 ## - NÁZOV
Názov Mali by sme sa všetci stravovať vegánsky?
260 ## - VYDAVATEĽSKÉ ÚDAJE, DISTRIBÚCIA ATĎ.
Miesto publikovania, distribúcie atď. Bratislava
Názov vydavateľa, distibútora atď. Egreš
Dátum publikovania, distribúcie atď. 2021
Holdings
Stav stiahnutia (Blokovanie) (Withrawn status) Stav straty Zdroj klasifikácie pre skladovanie Stav poškodenia (Damaged status) Nie pre výpožičky (Not for loan) Spôsob nadobudnutia (Collection code) Trvalé umiestnenie Aktuálne umiestnenie Dátum nadobudnutia Náklady, bežná kúpna cena Inventárne číslo (prírastkové číslo) Celkom výpožičky Full call number Čiarový kód Dátum posledného výskytu Dátum poslednej výpôžičky Cena s účinnosťou od Typ jednotky Koha
          Dar Mestská knižnica Giraltovce Mestská knižnica Giraltovce 2022-03-08 0.00 21499 1 S1505 S1505 2022-07-06 2022-03-25 2022-03-08 Odborná literatúra pre dospelých

Powered by Koha